2022 Miami Dolphins Players Colleges - Statistics

General Stats
  • This quiz has been taken 50 times
  • The average score is 35 of 76
Answer Stats
Position Player College % Correct
QB Tua Tagovailoa Alabama
100%
WR Jaylen Waddle Alabama
100%
DT Raekwon Davis Alabama
100%
DT John Jenkins Georgia
78%
ILB Channing Tindall Georgia
78%
C Connor Williams Texas
78%
SS Brandon Jones Texas
78%
FS Jevon Holland Oregon
76%
FS Verone McKinley III (PS) Oregon
76%
DE Christian Wilkins Clemson
70%
WR Freddie Swain (PS) Florida
70%
ILB Jerome Baker Ohio State
70%
TE Mike Gesicki Penn State
70%
RB Salvon Ahmed Washington
70%
RB Myles Gaskin Washington
70%
DE Josiah Bronson (PS) Washington
70%
OT Austin Jackson (IR) USC
67%
OLB Porter Gustin (PS) USC
67%
CB Chris Steele (PS) USC
67%
OLB Big Kat Bryant (PS) Auburn
61%
CB Noah Igbinoghene Auburn
61%
QB Skylar Thompson Kansas State
61%
FB Alec Ingold Wisconsin
61%
C Michael Deiter Wisconsin
61%
OLB Andrew Van Ginkel Wisconsin
61%
QB Teddy Bridgewater Louisville
59%
ILB Duke Riley LSU
57%
LS Blake Ferguson LSU
57%
TE Durham Smythe Notre Dame
57%
OG Liam Eichenberg Notre Dame
57%
WR Erik Ezukanma Texas Tech
54%
ILB Samuel Eguavoen Texas Tech
54%
CB Xavien Howard Baylor
52%
CB Kalon Barnes (PS) Baylor
52%
RB ZaQuandre White (PS) South Carolina
52%
OT Brandon Shell (PS) South Carolina
52%
OLB Melvin Ingram South Carolina
52%
DE Emmanuel Ogbah Oklahoma State
50%
SS Eric Rowe Utah
46%
WR River Cracraft Washington State
46%
WR Braylon Sanders (PS) Ole Miss
41%
OT Greg Little Ole Miss
41%
WR Tyreek Hill West Alabama
41%
OLB Trey Flowers Arkansas
39%
WR Cedrick Wilson Jr Boise State
39%
RB Raheem Mostert Purdue
39%
TE Hunter Long Boston College
37%
TE Cethan Carter Nebraska
37%
DE Ben Stille (PS) Nebraska
37%
C James Empey (PS) BYU
35%
OLB Cameron Goode (PS) California
35%
SS Clayton Fejedelem (IR-DFR) Illinois
35%
CB Byron Jones (PUP) UConn
35%
OG Robert Hunt Louisiana
33%
K Jason Sanders New Mexico
33%
OLB Jaelan Phillips Miami (FL)
30%
CB Trill Williams (IR) Syracuse
30%
ILB Elandon Roberts Houston
28%
WR Trent Sherfield Vanderbilt
28%
ILB Calvin Munson (IR) San Diego State
24%
P Thomas Morstead SMU
22%
CB Nik Needham UTEP
22%
QB Reid Sinnett (PS) San Diego
20%
OT Larnel Coleman (PS) UMass
20%
RB Chase Edmonds Fordham
13%
OT Terron Armstead Arkansas Pine-Bluff
11%
CB Kader Kohou Texas A&M - Commerce
11%
DE Zach Sieler Ferris State
9%
FS Elijah Campbell Northern Iowa
9%
TE Tanner Conner Idaho State
7%
OG Robert Jones Middle Tennessee
7%
TE Adam Shaheen (IR) Ashland
4%
OT Kion Smith (PS) Fayetteville State
4%
CB Justin Bethel Presbyterian
4%
FB John Lovett (IR) Princeton
4%
CB Keion Crossen Western Carolina
4%
No matching quizzes found
Score Distribution
Percent of People with Each Score
Percentile by Number Answered
Your Score History
You have not taken this quiz